[Event "Oberliga NRW 8990 I"]
[Site "Germany"]
[Date "1990.??.??"]
[Round "1"]
[White "Beckmann, Klaus"]
[Black "Becker Schoenfeld, P."]
[Result "1-0"]
[WhiteElo "2160"]
[BlackElo "2175"]
[PlyCount "119"]
[EventDate "1989.10.??"]
[EventType "team-tourn"]
[EventRounds "9"]
[EventCountry "GER"]
[SourceTitle "EXT 1997"]
[Source "ChessBase"]
[SourceDate "1996.11.15"]
[SourceVersion "1"]
[SourceVersionDate "1996.11.15"]
[SourceQuality "1"]
[WhiteTeam "Recklinghausen"]
[BlackTeam "Lengerich"]
[WhiteTeamCountry "GER"]
[BlackTeamCountry "GER"]

1. d4 Nf6 2. Nf3 g6 3. c4 Bg7 4. Nc3 0-0 5. e4 d6 6. Be2 Nbd7 7. Bg5 h6 8. Bh4 e5 9. d5 g5 10. Bg3 Nh5 11. h4 g4 12. Nh2 Nxg3 13. fxg3 h5 14. 0-0 a5 15. Bd3 Bh6 16. Qe2 Nc5 17. Rf2 f6 18. Nf1 Qd7 19. Bc2 Qh7 20. Ne3 Bxe3 21. Qxe3 Bd7 22. Raf1 Kg7 23. b3 Rf7 24. a3 Raf8 25. b4 axb4 26. axb4 Na6 27. b5 Nc5 28. b6 cxb6 29. Rb1 b5 30. Nxb5 Bxb5 31. Rxb5 Ra8 32. Rb6 Rd7 33. Kh2 Qg6 34. Bb1 Ra5 35. Rb5 Ra1 36. Rb6 Rd8 37. Rfb2 Qf7 38. Rxd6 Rxd6 39. Qxc5 Qd7 40. Qf2 Rda6 41. c5 R6a3 42. Rb6 Qe7 43. Qf5 Rc3 44. Rd6 Rc1 45. Rd7 Qxd7 46. Qxd7+ Kg6 47. Qf5+ Kg7 48. Qxh5 Raxb1 49. Qxg4+ Kf7 50. Qe6+ Kg6 51. Kh3 Rc4 52. h5+ Kxh5 53. Qf5+ Kh6 54. Qxf6+ Kh7 55. Qxe5 Re1 56. Qe7+ Kg6 57. g4 Rexe4 58. Qxb7 Rxg4 59. g3 Rg5 60. Qa6+ 1-0

[Event "Oberliga NRW 8990 I"]
[Site "Germany"]
[Date "1990.??.??"]
[Round "1"]
[White "Stadtmann, Jens"]
[Black "Becker Schoenfeld, P."]
[Result "1/2-1/2"]
[WhiteElo "2180"]
[BlackElo "2175"]
[PlyCount "48"]
[EventDate "1989.10.??"]
[EventType "team-tourn"]
[EventRounds "9"]
[EventCountry "GER"]
[SourceTitle "EXT 1997"]
[Source "ChessBase"]
[SourceDate "1996.11.15"]
[SourceVersion "1"]
[SourceVersionDate "1996.11.15"]
[SourceQuality "1"]
[WhiteTeam "Bottrop"]
[BlackTeam "Lengerich"]
[WhiteTeamCountry "GER"]
[BlackTeamCountry "GER"]

1. c4 g6 2. Nc3 Bg7 3. g3 d6 4. Bg2 Nf6 5. d4 0-0 6. Bg5 h6 7. Bxf6 Bxf6 8. Qd2 Bg7 9. e3 c5 10. Nge2 Nc6 11. 0-0 Qa5 12. Rfd1 Rb8 13. Rac1 Bg4 14. f3 Bf5 15. d5 Ne5 16. b3 a6 17. e4 Bc8 18. f4 Nd7 19. a4 Qb4 20. Qc2 Nf6 21. h3 Bd7 22. g4 Be8 23. e5 Nh7 24. e6 f5 1/2-1/2

[Event "Oberliga NRW 8990 I"]
[Site "Germany"]
[Date "1989.??.??"]
[Round "1"]
[White "Becker Schoenfeld, P."]
[Black "Schiffer, Kai Uwe"]
[Result "0-1"]
[WhiteElo "2175"]
[BlackElo "2280"]
[PlyCount "90"]
[EventDate "1989.10.??"]
[EventType "team-tourn"]
[EventRounds "9"]
[EventCountry "GER"]
[SourceTitle "EXT 1997"]
[Source "ChessBase"]
[SourceDate "1996.11.15"]
[SourceVersion "1"]
[SourceVersionDate "1996.11.15"]
[SourceQuality "1"]
[WhiteTeam "Lengerich"]
[BlackTeam "Duisburg"]
[WhiteTeamCountry "GER"]
[BlackTeamCountry "GER"]

1. Nf3 d6 2. d4 Nf6 3. g3 g6 4. Bg2 Bg7 5. 0-0 0-0 6. c4 Nbd7 7. Nc3 e5 8. e4 exd4 9. Nxd4 Nc5 10. h3 Re8 11. Re1 h6 12. b4 Ne6 13. Be3 Ng5 14. Bxg5 hxg5 15. Rc1 Nd7 16. Bf1 a5 17. a3 axb4 18. axb4 c6 19. Nf3 Ne5 20. Nxe5 Bxe5 21. Qd2 Ra3 22. Re3 Be6 23. Nd1 Ra4 24. Rd3 Qf6 25. Nc3 Rxb4 26. Nd5 Bxd5 27. Qxb4 Bxe4 28. Qxb7 Bd4 29. Rxd4 Qxd4 30. Re1 Re5 31. Qd7 Kg7 32. Rxe4 Rxe4 33. Qxc6 Re1 34. g4 Qd3 35. Qg2 Qxc4 36. f3 Qxf1+ 37. Qxf1 Rxf1+ 38. Kxf1 Kf6 39. Ke2 Ke5 40. Ke3 d5 41. Kd3 Kf4 42. Kd4 Kxf3 43. Kxd5 Kg3 44. Ke5 Kxh3 45. Kf6 Kxg4 0-1

[Event "Oberliga NRW 8990 I"]
[Site "Germany"]
[Date "1989.??.??"]
[Round "1"]
[White "Becker Schoenfeld, P."]
[Black "Westerinen, Heikki MJ"]
[Result "1/2-1/2"]
[WhiteElo "2175"]
[BlackElo "2415"]
[PlyCount "27"]
[EventDate "1989.10.??"]
[EventType "team-tourn"]
[EventRounds "9"]
[EventCountry "GER"]
[SourceTitle "EXT 1997"]
[Source "ChessBase"]
[SourceDate "1996.11.15"]
[SourceVersion "1"]
[SourceVersionDate "1996.11.15"]
[SourceQuality "1"]
[WhiteTeam "Lengerich"]
[BlackTeam "Solingen II"]
[WhiteTeamCountry "GER"]
[BlackTeamCountry "GER"]

1. d4 c5 2. d5 e5 3. e4 d6 4. a4 Be7 5. Na3 Bg5 6. Bb5+ Kf8 7. Ne2 Bxc1 8. Qxc1 Nd7 9. c3 Qh4 10. Ng3 Ndf6 11. Bd3 Nh5 12. Nxh5 Qxh5 13. f4 exf4 14. Qxf4 1/2-1/2